Al-Risala Fi Usul Al Fiqh (Record no. 16191)

MARC details
000 -LEADER
fixed length control field 00556nam a2200217 a 4500
020 ## - INTERNATIONAL STANDARD BOOK NUMBER
ISBN
082 00 - DEWEY DECIMAL CLASSIFICATION NUMBER
Classification number 340.59
Author Cutter SHA8
100 ## - MAIN ENTRY--AUTHOR NAME
Author name Shafii, Muhammad Ibn Idris
245 ## - TITLE STATEMENT
Title Al-Risala Fi Usul Al Fiqh
260 ## - PUBLICATION, DISTRIBUTION, ETC. (IMPRINT)
Place of publication New Delhi
Name of publisher Islamic Text Society
Year of publication 1961
300 ## - PHYSICAL DESCRIPTION
Number of Pages 379p
500 ## - GENERAL NOTE
General note includes index and biblioraphy
505 2# - FORMATTED CONTENTS NOTE
Formatted contents note Refrences, Acknowledgements, Index
942 ## - ADDED ENTRY ELEMENTS (KOHA)
Koha item type Books
Holdings
Collection code Home library Current library Date acquired Cost, normal purchase price Full call number Accession Number Koha item type
  Henry Martyn Institute Library Henry Martyn Institute Library 05/24/2005 250.00 340.59 SHA8 021237 Books
                   Copyright © 2026 | Henry Martyn Institute | Hyderabad | TS-500052 | INDIA | Implemented by hmi.edu.in
Hit-Count:

Powered by Koha